| 000 | 00543 a2200205 4500 | ||
|---|---|---|---|
| 001 | 130787 | ||
| 020 | _a85-02-01874-4 | ||
| 040 | _cLeonardo Da Vinci | ||
| 041 | _aPortuguês | ||
| 082 |
_a341 R355d _bR355d |
||
| 100 | _aREZEK, José Francisco | ||
| 245 |
_aDireito internacional público _bcurso elementar |
||
| 250 | _a7.ed | ||
| 260 |
_bSaraiva _c1998 _aSão Paulo |
||
| 300 | _a410 | ||
| 362 | _a19980000 | ||
| 500 | _aEdição revista | ||
| 697 |
_aDireito _aDireito público _aDireito internacional _aBrasil _aFIPEN |
||
| 942 | _cBK | ||
| 999 |
_c130787 _d130787 |
||